000 00381nam a2200157Ia 4500
008 230711s9999||||xx |||||||||||||| ||und||
041 _aENG
082 _a720
_bGA-A
100 _aGarvin,Alexander
245 4 _aThe American city
250 _a2nd . Ed.
260 _c2002
_aNew Delhi
_bTata McGraw Hill Education Limited
300 _a560
650 _aArchitecture
942 _cBK
999 _c4649
_d4649